Southville International School and Colleges
Your cart is empty.
  • Cart
  • Lists
    Public lists Eva Luna New books Lux_list list_1
    Your lists Log in to create your own lists
  • Log in to your account
  • Your cookies
  • Search history
Southville International School and Colleges
  • Advanced search
  • Recent comments
  • Most popular
  • Libraries

Log in to your account

Log in with GOOGLE


If you do not have an external account, but do have a local account, you can still log in:

  1. Home
  2. MARC view: Reader's Digest Home emergerncy medical guide /
Normal view MARC view ISBD view

Reader's Digest Home emergerncy medical guide / (Record no. 20145)

[ view plain ]
MARC details
000 -LEADER
fixed length control field 00654nam a2200205 a 4500
005 - DATE AND TIME OF LATEST TRANSACTION
control field 20140310183212.0
008 - FIXED-LENGTH DATA ELEMENTS--GENERAL INFORMATION
fixed length control field 970101s19uu xx 00 eng d
020 ## - INTERNATIONAL STANDARD BOOK NUMBER
International Standard Book Number 9622582419
050 ## - LIBRARY OF CONGRESS CALL NUMBER
Classification number RC 86.7
Item number .R286 1999
245 ## - TITLE STATEMENT
Title Reader's Digest Home emergerncy medical guide /
260 ## - PUBLICATION, DISTRIBUTION, ETC. (IMPRINT)
Place of publication, distribution, etc Asia :
Name of publisher, distributor, etc Reader's Digest,
Date of publication, distribution, etc 1999.
300 ## - PHYSICAL DESCRIPTION
Extent 320 p. :
Other physical details ill. (col.) ;
Dimensions 32 cm.
521 ## - TARGET AUDIENCE NOTE
Target audience note
650 ## - SUBJECT ADDED ENTRY--TOPICAL TERM
Topical term or geographic name as entry element First aid in illness and injury handbooks, manuals, etc.
650 ## - SUBJECT ADDED ENTRY--TOPICAL TERM
Topical term or geographic name as entry element Medical emergencies
General subdivision handbooks,manuals ,etc.
650 ## - SUBJECT ADDED ENTRY--TOPICAL TERM
Topical term or geographic name as entry element Reader's Digest (Australia)
650 ## - SUBJECT ADDED ENTRY--TOPICAL TERM
Topical term or geographic name as entry element Australian red Cross Society
942 ## - ADDED ENTRY ELEMENTS (KOHA)
Koha item type Books
Source of classification or shelving scheme Library of Congress Classification
Call number prefix Foreign
Holdings
Withdrawn status Lost status Source of classification or shelving scheme Damaged status Home library Current library Shelving location Date acquired Total Checkouts Full call number Barcode Date last seen Copy number Price effective from Koha item type
    Library of Congress Classification   College Library College Library General Circulation Section 02/27/2003   RC 86.7 .R286 1999 C2315 05/15/2018 1 10/10/2013 Books

Reader's Digest Home emergerncy medical guide /

APA

(1999). Reader's Digest Home emergerncy medical guide. Asia: Reader's Digest.

Chicago

1999. Reader's Digest Home emergerncy medical guide. Asia: Reader's Digest.

Harvard

(1999). Reader's Digest Home emergerncy medical guide. Asia: Reader's Digest.

MLA

Reader's Digest Home emergerncy medical guide. Asia: Reader's Digest. 1999.

  • Place hold
  • Print
  • Cite
  • Add to your cart (remove)
  • Save record
    BIBTEX Dublin Core MARCXML MARC (non-Unicode/MARC-8) MARC (Unicode/UTF-8) MARC (Unicode/UTF-8, Standard) MODS (XML) RIS
  • More searches
    Search for this title in:
    Other Libraries (WorldCat) Other Databases (Google Scholar) Online Stores (Bookfinder.com) Open Library (openlibrary.org)

Exporting to Dublin Core...

SOUTHVILLE LIBRARY

Southville International School and Colleges Library

1281 Tropical Ave. Cor. Luxembourg St., BF Homes International, Las Pinas City

Tel. No. 8256374 / 252358 Loc. 117/146

Powered by Koha